[Event "Niedersachsen-ch op B"]
[Site "Verden"]
[Date "2019.01.03"]
[Round "1"]
[White "Von Knobloch, Benedikt"]
[Black "Paufler, Patrick"]
[Result "1/2-1/2"]
[WhiteElo "1481"]
[BlackElo "1651"]
[PlyCount "149"]
[EventDate "2019.01.03"]
[EventType "swiss"]
[EventRounds "7"]
[EventCountry "GER"]
[SourceTitle "EXT 2022"]
[Source "ChessBase"]
[SourceDate "2021.10.06"]
[SourceVersion "1"]
[SourceVersionDate "2021.10.06"]
[SourceQuality "1"]

1. Nf3 d5 2. c4 c6 3. e3 Nf6 4. Nc3 Bg4 5. Be2 dxc4 6. Bxc4 e6 7. 0-0 Nbd7 8. d4 Bd6 9. Be2 0-0 10. b3 Nd5 11. Nxd5 exd5 12. Bb2 Re8 13. Re1 Nf6 14. Ne5 Bxe2 15. Qxe2 Ne4 16. Nd3 Qh4 17. g3 Qh3 18. Qf1 Qxf1+ 19. Kxf1 Re6 20. Re2 Rh6 21. Kg2 Re8 22. a3 f5 23. Ne5 Nf6 24. f4 Ng4 25. h3 Nxe5 26. dxe5 Bc7 27. b4 Rhe6 28. Bd4 a6 29. Rc2 g5 30. Rh1 h5 31. h4 gxf4 32. exf4 R8e7 33. Kf3 Rg7 34. Rg1 Reg6 35. Rgg2 Bd8 36. Rce2 Re6 37. Rc2 b6 38. Rg1 Kf7 39. Rgc1 Rgg6 40. Rc3 Ke8 41. Ke2 Kd7 42. Kd2 Rg8 43. Re3 Reg6 44. Rcc3 a5 45. Rf3 axb4 46. axb4 Be7 47. Rb3 c5 48. bxc5 bxc5 49. Bf2 Kc6 50. Ra3 c4 51. Ra6+ Kb5 52. Rxg6 Rxg6 53. Kc3 Kc6 54. Kc2 Kb5 55. Kc3 Ra6 56. Kd4 Kc6 57. Ke3 Ra3+ 58. Ke2 Rxf3 59. Kxf3 c3 60. Ke2 Kb5 61. Kd3 Bb4 62. Bd4 c2 63. Kxc2 Be1 64. e6 Kc6 65. e7 Kd7 66. Bf6 Bxg3 67. Bg5 Bf2 68. Kd3 Bc5 69. Kc3 Bxe7 70. Kd4 Bxg5 71. fxg5 f4 72. Kd3 Ke6 73. Ke2 Kf5 74. Kf3 d4 75. Ke2 1/2-1/2

[Event "Hamburg HSK Christmas op 4th"]
[Site "Hamburg"]
[Date "2018.12.29"]
[Round "5"]
[White "Paufler, Patrick"]
[Black "Porth, Hartmut"]
[Result "0-1"]
[WhiteElo "1662"]
[BlackElo "2093"]
[PlyCount "60"]
[EventDate "2018.12.27"]
[EventType "swiss"]
[EventRounds "7"]
[EventCountry "GER"]
[SourceTitle "CBM 188 Extra"]
[Source "ChessBase"]
[SourceDate "2019.02.28"]
[SourceVersion "1"]
[SourceVersionDate "2019.02.28"]
[SourceQuality "1"]

1. d4 d5 2. Nf3 Nc6 3. Bf4 Bg4 4. e3 e6 5. Be2 Bd6 6. Bxd6 cxd6 7. 0-0 f5 8. c3 Nf6 9. Nbd2 0-0 10. c4 dxc4 11. Bxc4 d5 12. Bd3 Ne4 13. Qa4 Nxd2 14. Nxd2 f4 15. h3 fxe3 16. fxe3 Qg5 17. Kh2 Qxe3 18. Qc2 Nxd4 19. Qc3 Qe5+ 20. Kh1 Rfc8 21. Qb4 Bf5 22. Rae1 Qg3 23. Bxf5 Nxf5 24. Rxe6 Ne3 25. Rxe3 Qxe3 26. Nb3 Rf8 27. Rd1 Rae8 28. Qxb7 Rf5 29. Nd4 Rh5 30. Nf3 Rxh3+ 0-1

[Event "Niedersachsen-ch op B"]
[Site "Verden"]
[Date "2018.01.04"]
[Round "2"]
[White "Paufler, Patrick"]
[Black "Bieler, Janek"]
[Result "1/2-1/2"]
[WhiteElo "1539"]
[BlackElo "1451"]
[PlyCount "65"]
[EventDate "2018.01.04"]
[EventType "swiss"]
[EventRounds "7"]
[EventCountry "GER"]
[SourceTitle "EXT 2022"]
[Source "ChessBase"]
[SourceDate "2021.10.06"]
[SourceVersion "1"]
[SourceVersionDate "2021.10.06"]
[SourceQuality "1"]

1. d4 d5 2. c4 c6 3. Nc3 Nf6 4. Bf4 Bf5 5. e3 e6 6. Nf3 Bd6 7. Bxd6 Qxd6 8. Be2 0-0 9. Nh4 Be4 10. Nxe4 Nxe4 11. c5 Qc7 12. 0-0 Nd7 13. Bd3 Nef6 14. Qc2 e5 15. Rfe1 e4 16. Be2 Ne8 17. b4 a6 18. a4 f5 19. g3 g5 20. Ng2 Ng7 21. b5 Ne6 22. Reb1 Rf6 23. Qb2 Nd8 24. bxc6 bxc6 25. Qc3 a5 26. Rb2 Rg6 27. Qd2 Kh8 28. Rab1 Rh6 29. f4 g4 30. Nh4 Rf6 31. Bf1 h5 32. h3 Kg7 33. hxg4 1/2-1/2

[Event "Lueneburg VMCG op B"]
[Site "Lueneburg"]
[Date "2016.07.07"]
[Round "6"]
[White "Paufler, Patrick"]
[Black "Lindges, Claus"]
[Result "1-0"]
[WhiteElo "1491"]
[BlackElo "1531"]
[PlyCount "88"]
[EventDate "2016.07.01"]
[EventType "swiss"]
[EventRounds "7"]
[EventCountry "GER"]
[SourceTitle "EXT 2024"]
[Source "ChessBase"]
[SourceDate "2023.10.10"]
[SourceVersion "1"]
[SourceVersionDate "2023.10.10"]
[SourceQuality "1"]

1. d4 d5 2. c4 e6 3. Nc3 Bb4 4. e3 Bxc3+ 5. bxc3 Nf6 6. Bd3 Nc6 7. Nf3 Qe7 8. Qa4 Bd7 9. Ba3 Qd8 10. Qc2 dxc4 11. Bxc4 Nd5 12. 0-0 Nce7 13. Qb3 Nb6 14. Ne5 Nxc4 15. Qxc4 0-0 16. Bxe7 Qxe7 17. Qxc7 Rfd8 18. Qxb7 Qe8 19. c4 f6 20. Nxd7 Rxd7 21. Qa6 g5 22. Rab1 f5 23. Rb7 f4 24. Rxd7 Qxd7 25. e4 g4 26. d5 Re8 27. Rb1 Qg7 28. Qc6 Qg6 29. d6 f3 30. d7 Rf8 31. Qd6 Qf6 32. g3 h5 33. Rd1 Rd8 34. Qc7 h4 35. Qf4 Qg7 36. e5 hxg3 37. Qxg3 Qg6 38. h3 Qf7 39. Qxg4+ Kf8 40. Qg5 Rxd7 41. Rxd7 Qxd7 42. Qf6+ Ke8 43. Qh8+ Ke7 44. Qg7+ Ke8 1-0

[Event "Lueneburg VMCG op B"]
[Site "Lueneburg"]
[Date "2016.07.04"]
[Round "3"]
[White "Paufler, Patrick"]
[Black "Hildebrand, Georg"]
[Result "1-0"]
[WhiteElo "1491"]
[BlackElo "1527"]
[PlyCount "105"]
[EventDate "2016.07.01"]
[EventType "swiss"]
[EventRounds "7"]
[EventCountry "GER"]
[SourceTitle "EXT 2024"]
[Source "ChessBase"]
[SourceDate "2023.10.10"]
[SourceVersion "1"]
[SourceVersionDate "2023.10.10"]
[SourceQuality "1"]

1. d4 b6 2. e4 Bb7 3. Nc3 e6 4. Nf3 Be7 5. Bf4 d6 6. Bd3 h6 7. 0-0 g5 8. Be3 Nf6 9. e5 Nd5 10. Nxd5 Bxd5 11. c4 Bb7 12. b4 d5 13. c5 c6 14. a4 a6 15. Qe2 g4 16. Nd2 h5 17. f3 g3 18. Bf4 h4 19. hxg3 Kd7 20. Kf2 b5 21. a5 Kc7 22. Rh1 hxg3+ 23. Bxg3 Nd7 24. Rh3 Rxh3 25. gxh3 Qh8 26. Rh1 Rg8 27. h4 Qg7 28. Nf1 Kc8 29. Ke1 Rh8 30. f4 Kb8 31. h5 Rh6 32. Qf3 Nf8 33. Ne3 f5 34. Bxf5 Bc8 35. Bd3 Qf7 36. f5 Nh7 37. f6 Ng5 38. Qg4 Bf8 39. Qxg5 Rh8 40. Qg6 Qg8 41. f7 Qxg6 42. Bxg6 Kb7 43. Bf4 Kb8 44. h6 Be7 45. h7 Bf8 46. Bg5 Bg7 47. Bf6 Bxf6 48. exf6 Ka8 49. f8Q Rxf8 50. h8Q Rxh8 51. Rxh8 Kb8 52. f7 e5 53. f8Q 1-0

[Event "Lueneburg distr-ch Haupt"]
[Site "Tostedt"]
[Date "2015.10.23"]
[Round "4.9"]
[White "Dehmel, Bernd"]
[Black "Paufler, Patrick"]
[Result "1/2-1/2"]
[WhiteElo "1476"]
[BlackElo "1274"]
[PlyCount "74"]
[EventDate "2015.10.22"]
[EventType "swiss"]
[EventRounds "7"]
[EventCountry "GER"]
[SourceTitle "EXT 2019"]
[Source "ChessBase"]
[SourceDate "2018.10.10"]
[SourceVersion "1"]
[SourceVersionDate "2018.10.10"]
[SourceQuality "1"]

1. d4 d5 2. c4 e6 3. Nc3 Nf6 4. Bg5 Be7 5. Nf3 h6 6. Bh4 0-0 7. e3 c5 8. cxd5 Nxd5 9. Bxe7 Qxe7 10. Ne5 Nd7 11. Nxd7 Bxd7 12. Be2 Rac8 13. 0-0 c4 14. a3 b5 15. Bf3 Nxc3 16. bxc3 Bc6 17. Bxc6 Rxc6 18. Qc2 e5 19. d5 Rg6 20. g3 Rd8 21. e4 Rdd6 22. Rab1 Rb6 23. a4 a6 24. axb5 axb5 25. Rb4 Qc5 26. Kg2 Rb7 27. Ra1 Rgb6 28. Ra5 f5 29. f3 f4 30. Qf2 Qf8 31. g4 Qf6 32. Qc5 Qd6 33. Qxd6 Rxd6 34. Raxb5 Ra7 35. Rxc4 Ra2+ 36. Kg1 Ra1+ 37. Kg2 Ra2+ 1/2-1/2